| 000 | 01562 a2200241 4500 | ||
|---|---|---|---|
| 001 | 2162214035926813 | ||
| 003 | UA-OsUOA | ||
| 005 | 20260512160732.0 | ||
| 008 | 260512b un ||||| |||| 00| 0 ukr d | ||
| 020 | _a9789663401973 | ||
| 040 |
_aUA-OsUOA _bukr _cUA-OsUOA _dUA-OsUOA |
||
| 041 | _aukr | ||
| 080 | _a94(477.51) | ||
| 090 |
_a94(477.51) _bМ65 |
||
| 245 |
_aМістечко над Сновом _bзбірник статей і матеріалів _cред. колегія: Демченко Т. П., Коваленко О. Б., Коваленко В. П. |
||
| 260 |
_aНіжин _bТОВ "Видавництво "Аспект-Поліграф" _c2007 |
||
| 300 | _a340 с. | ||
| 520 | _aНа підставі призабутих і нововиявлених джерел, значна частина яких уперше запроваджується до наукового обігу, у збірнику відтворено багате історичне минуле та сьогодення старовинного містечка над Сновом - Седнева, який відіграв помітну роль в історії Чернігово-Сіверщини. Для науковців, педагогів, краєзнавців, усіх, хто цікавиться історією Чернігово-Сівещини. | ||
| 650 |
_a94(477) Історія України _91446 |
||
| 942 |
_cBK _2udc |
||
| 955 | _a4 | ||
| 999 |
_c580692 _d580692 |
||